000 00460nam a22001937a 4500
003 MPLRDC
005 20220104113940.0
008 210129b ||||| |||| 00| 0 eng d
020 _a957-9525-75-7
082 _a848.3 XX v.8
100 _a西西著
245 _a剪贴册
_c
250 _a三印
260 _a
_b洪范书店有限公司
_c1994
300 _b
490 _a洪范文学丛书;217
650 _a现代别集
942 _cBK
_o848.3 XX v.8
999 _c3628
_d3618